LIBRARY & INFORMATION CENTRE, KCAET, TAVANUR

ONLINE PUBLIC ACCESS CATALOGUE (OPAC)

Water Supply and Sanitary Engineering (Record no. 13904)

MARC details
000 -LEADER
fixed length control field 00411nam a22001577a 4500
020 ## - INTERNATIONAL STANDARD BOOK NUMBER
ISBN 8180140296
082 ## - DEWEY DECIMAL CLASSIFICATION NUMBER
Classification number 628.01
Item number SIN/WA
100 ## - MAIN ENTRY--AUTHOR NAME
Personal name Singh, Gurcharan
100 ## - MAIN ENTRY--AUTHOR NAME
Personal name Singh, Jagdish
245 ## - TITLE STATEMENT
Title Water Supply and Sanitary Engineering
250 ## - EDITION STATEMENT
Edition statement 6
260 ## - PUBLICATION, DISTRIBUTION, ETC. (IMPRINT)
Place of publication New Delhi
Name of publisher Standard Publishers Distributors
Year of publication 2009
300 ## - PHYSICAL DESCRIPTION
Number of Pages 512
650 ## - SUBJECT ADDED ENTRY--TOPICAL TERM
Topical Term Environmental engineering
942 ## - ADDED ENTRY ELEMENTS (KOHA)
Koha item type Books
Holdings
Withdrawn status Lost status Damaged status Collection code Home library Current library Shelving location Date acquired Source of acquisition Cost, normal purchase price Full call number Accession Number Koha item type
      Non-fiction KAUAET KAUAET General Stacks 30/03/2013 Calicut Book Distributors 275.00 628.01 SIN/WA 23644 Books
        KAUAET KAUAET General Stacks 21/06/2016 Aman Book Stall Calicut 225.00 628.01 SIN/WA 24637 Books
free website counter